<?xml version="1.0" encoding="UTF-8"?>
<collection xmlns="http://www.loc.gov/MARC21/slim">
  <record>
    <leader>00000nam  2200000   4500</leader>
    <controlfield tag="001">INLIS000000000004876</controlfield>
    <controlfield tag="005">20250922105624</controlfield>
    <datafield tag="035" ind1="#" ind2="#">
      <subfield code="a">0010-0925000173</subfield>
    </datafield>
    <controlfield tag="007">ta</controlfield>
    <controlfield tag="008">250922###########################0#ind##</controlfield>
    <datafield tag="082" ind1="#" ind2="#">
      <subfield code="a">297.912</subfield>
    </datafield>
    <datafield tag="084" ind1="#" ind2="#">
      <subfield code="a">297.912 SYA b</subfield>
    </datafield>
    <datafield tag="100" ind1=" " ind2="#">
      <subfield code="a">Syaikh Salim bin Ied al Hilali</subfield>
    </datafield>
    <datafield tag="245" ind1="1" ind2="#">
      <subfield code="a">Buku Kisah Shahih Para Nabi / Jilid 3 /</subfield>
      <subfield code="c">Syaikh Salim bin Ied al Hilali</subfield>
    </datafield>
    <datafield tag="260" ind1="#" ind2="#">
      <subfield code="a">Jakarta :</subfield>
      <subfield code="b">Pustaka Imam Asy-syafi'i,</subfield>
      <subfield code="c">2010</subfield>
    </datafield>
    <datafield tag="300" ind1="#" ind2="#">
      <subfield code="a">554 hlm :</subfield>
      <subfield code="b">ilus ;</subfield>
      <subfield code="c">24 cm</subfield>
    </datafield>
    <datafield tag="856" ind1="#" ind2="#">
      <subfield code="a">Perpustakaan KEMENDUKBANGGA/BKKBN</subfield>
    </datafield>
    <datafield tag="990" ind1="#" ind2="#">
      <subfield code="a">B-2010-00122</subfield>
    </datafield>
  </record>
</collection>
